Normal view
MARC view
- Ghzanvi, Aurang Zeb
Entry Personal Name
001 - CONTROL NUMBER
- control field: 14823
003 - CONTROL NUMBER IDENTIFIER
- control field: NUST
005 - DATE AND TIME OF LATEST TRANSACTION
- control field: 20190613155240.0
008 - FIXED-LENGTH DATA ELEMENTS
- fixed length control field: 190613|| aca||aabn | a|a d
040 ## - CATALOGING SOURCE
- Original cataloging agency: NUST
- Transcribing agency: NUST
100 ## - HEADING--PERSONAL NAME
- Personal name: Ghzanvi, Aurang Zeb
670 ## - SOURCE DATA FOUND
- Source citation: Work cat.: (NUST): Ghzanvi, Aurang Zeb, Hindko afsanay \, 1993.
